[Event "Dresden zt 1.2"]
[Site "Dresden"]
[Date "1998.05.05"]
[Round "7"]
[White "Kurajica, Bojan"]
[Black "Pelletier, Yannick"]
[Result "1/2-1/2"]
[WhiteElo "2580"]
[BlackElo "2515"]
[EventDate "1998.04.28"]
[PlyCount "78"]

1.d4 Nf6 2.Nf3 g6 3.c4 Bg7 4.g3 d5 5.cxd5 Nxd5 6.Bg2 Nb6 7.O-O Nc6 8.Qc2 
O-O 9.Rd1 Bf5 10.Qd2 Qc8 11.Qf4 Rd8 12.Nc3 Bc2 13.Rd2 Nxd4 14.Rxd4 Rxd4 
15.Nxd4 e5 16.Qd2 exd4 17.Qxc2 dxc3 18.bxc3 c6 19.Rb1 Qe6 20.Bf3 Qc4 21.
Rb3 Rc8 22.Qd3 Qxd3 23.exd3 Rd8 24.d4 Rd7 25.a4 Nd5 26.a5 a6 27.c4 Ne7 28.
Be3 Kf8 29.d5 cxd5 30.cxd5 Nxd5 31.Rd3 Nf6 32.Bc5+ Kg8 33.Rb3 Nd5 34.Kg2 
h5 35.Rb1 Bc3 36.Rd1 Nf6 37.Rb1 Nd5 38.Rd1 Nf6 39.Rb1 Nd5 1/2-1/2

[Event "Dresden zt 1.2"]
[Site "Dresden"]
[Date "1998.05.05"]
[Round "7"]
[White "Nedev, Trajce"]
[Black "Burovic, Ismet"]
[Result "1-0"]
[WhiteElo "2405"]
[BlackElo "2295"]
[EventDate "1998.04.28"]
[PlyCount "61"]

1.e4 c6 2.d4 d5 3.Nd2 dxe4 4.Nxe4 Bf5 5.Ng3 Bg6 6.h4 h6 7.Nh3 e6 8.Nf4 Bh7
9.Bc4 Nf6 10.O-O Bd6 11.Ngh5 O-O 12.Re1 Nxh5 13.Nxh5 Qxh4 14.g3 Qh3 15.Bf1
Qf5 16.Bd3 Qh3 17.Bf4 Be7 18.Bxh7+ Kxh7 19.Bxb8 Raxb8 20.Re5 f5 21.Nf4 Qg4
22.Qxg4 fxg4 23.Nxe6 Rf7 24.Rae1 Bf6 25.R5e4 h5 26.c3 Rd7 27.Kg2 Rd5 28.
Rh1 Ra5 29.a3 Kg6 30.Nf4+ Kh6 31.Re5 1-0

[Event "Dresden zt 1.2"]
[Site "Dresden"]
[Date "1998.05.05"]
[Round "7"]
[White "Rogic, Davor"]
[Black "Pavasovic, Dusko"]
[Result "1-0"]
[WhiteElo "2445"]
[BlackElo "2505"]
[EventDate "1998.04.28"]
[PlyCount "153"]

1.e4 c5 2.Nf3 d6 3.d4 cxd4 4.Nxd4 Nf6 5.Nc3 a6 6.Bc4 e6 7.Bb3 b5 8.O-O b4 
9.Na4 Bd7 10.c3 Nc6 11.Re1 Rb8 12.f3 Be7 13.Nxc6 Bxc6 14.cxb4 Rxb4 15.Be3 
O-O 16.Rc1 Bd7 17.Re2 Qb8 18.Bd4 Qb5 19.Nc3 Qb7 20.Kh1 Rc8 21.Rd2 a5 22.
Ne2 Rxc1 23.Nxc1 a4 24.Bc2 Be8 25.Bc3 Rc4 26.Rd4 Qc6 27.Rxc4 Qxc4 28.Qd3 
Qc8 29.Ne2 Nd7 30.e5 f5 31.exd6 Bf8 32.Qe3 Nf6 33.Nf4 Bd7 34.Qd4 Qc6 35.
Nd3 Bxd6 36.a3 Qa6 37.Kg1 Bf8 38.Nc5 Bxc5 39.Qxc5 Nd5 40.Qd4 Qb6 41.Qxb6 
Nxb6 42.b3 axb3 43.Bxb3 Kf7 44.Bd4 Nd5 45.a4 g6 46.Kf2 Ke7 47.Be5 Bc6 48.
Ke2 Kd7 49.Kd3 Bb7 50.Kd4 Kc6 51.h4 Kb6 52.Bg3 Bc8 53.Bf2 Bd7 54.Ke5+ Kc6 
55.Bc4 Bc8 56.Bb5+ Kc7 57.a5 f4 58.a6 h6 59.a7 Bb7 60.Bd3 Ne3 61.Be4 Nxg2 
62.a8=Q Bxa8 63.Bxa8 g5 64.h5 Kd7 65.Kf6 Ne3 66.Kg6 Ke7 67.Be4 g4 68.fxg4 
Nxg4 69.Kg7 Kd7 70.Bc5 Ke8 71.Bc6+ Kd8 72.Bf3 Ne5 73.Bd1 Nd7 74.Bd6 e5 75.
Kxh6 Ke8 76.Kg7 e4 77.h6 1-0

[Event "Dresden zt 1.2"]
[Site "Dresden"]
[Date "1998.05.05"]
[Round "7"]
[White "Rogulj, Branko"]
[Black "Uhlmann, Wolfgang"]
[Result "1/2-1/2"]
[WhiteElo "2430"]
[BlackElo "2495"]
[EventDate "1998.04.28"]
[PlyCount "71"]

1.e4 e6 2.d4 d5 3.Nc3 Bb4 4.Ne2 dxe4 5.a3 Bxc3+ 6.Nxc3 Nc6 7.d5 exd5 8.
Qxd5 Nge7 9.Qxd8+ Nxd8 10.Nxe4 Bf5 11.Bb5+ Ndc6 12.f3 O-O-O 13.O-O Nd4 14.
Bd3 Nb3 15.Rb1 Nxc1 16.Rbxc1 Bg6 17.Rfe1 Nc6 18.f4 Rhe8 19.Kf2 Nd4 20.Rcd1
Nxc2 21.Bxc2 Rxd1 22.Rxd1 Bxe4 23.Re1 f5 24.Bxe4 fxe4 25.Ke3 c5 26.Rc1 b6 
27.b4 Kc7 28.bxc5 b5 29.g4 Kc6 30.f5 a5 31.g5 b4 32.axb4 axb4 33.h4 b3 34.
f6 gxf6 35.gxf6 Kd5 36.c6 1/2-1/2

[Event "Dresden zt 1.2"]
[Site "Dresden"]
[Date "1998.05.05"]
[Round "7"]
[White "Stanec, Nikolaus"]
[Black "Jelen, Igor"]
[Result "1-0"]
[WhiteElo "2485"]
[BlackElo "2430"]
[EventDate "1998.04.28"]
[PlyCount "169"]

1.e4 c5 2.Nf3 Nc6 3.d4 cxd4 4.Nxd4 Nf6 5.Nc3 e5 6.Ndb5 d6 7.Bg5 a6 8.Na3 
b5 9.Nd5 Be7 10.Bxf6 Bxf6 11.c3 O-O 12.Nc2 Bg5 13.h4 Bh6 14.g3 Be6 15.a4 
bxa4 16.Rxa4 a5 17.Bg2 Rb8 18.b4 axb4 19.Ncxb4 Nxb4 20.cxb4 Qd7 21.O-O 
Bxd5 22.exd5 Bd2 23.Qb3 g6 24.Rfa1 Rfc8 25.Bf1 Bc3 26.Rc1 Bd4 27.Rc4 Rxc4 
28.Bxc4 e4 29.Ra2 Bc5 30.b5 Re8 31.Kg2 Bb6 32.Re2 Qc7 33.Bd3 f5 34.Qc4 Qb8
35.Qc6 Kf7 36.Bb1 Re7 37.Ra2 e3 38.fxe3 Bxe3 39.Ra8 Qb7 40.Bd3 Bc5 41.Bc4 
Kg7 42.Kh2 Rf7 43.Re8 Qa7 44.Qa6 Bg1+ 45.Kh1 Qc5 46.Qa1+ Bd4 47.Qf1 f4 48.
g4 f3 49.Re4 Be5 50.g5 Qb4 51.Qf2 Bc3 52.Bd3 Qa3 53.b6 Qa1+ 54.Qf1 Qb2 55.
h5 gxh5 56.g6 hxg6 57.Re6 Bf6 58.Qxf3 Qc1+ 59.Qf1 Qg5 60.Qg2 Qh4+ 61.Qh2 
Qd4 62.Be4 Qxb6 63.Qxd6 Qb3 64.Qf4 Qc3 65.Qf3 Qa1+ 66.Kg2 Ra7 67.Bc2 Ra2 
68.Qe4 Rxc2+ 69.Qxc2 Qd4 70.Qe4 Qd2+ 71.Kh3 g5 72.Rc6 g4+ 73.Kg3 Qa5 74.d6
Qa3+ 75.Kg2 Qh3+ 76.Kg1 Qg3+ 77.Kf1 Qh3+ 78.Ke1 g3 79.Rc7+ Kh6 80.Qh7+ Kg5
81.Rc5+ Kf4 82.Qh6+ Ke4 83.Qxf6 Qh1+ 84.Kd2 Qg2+ 85.Kc3 1-0

[Event "Dresden zt 1.2"]
[Site "Dresden"]
[Date "1998.05.05"]
[Round "7"]
[White "Wahls, Matthias"]
[Black "Sokolov, Ivan"]
[Result "0-1"]
[WhiteElo "2605"]
[BlackElo "2625"]
[EventDate "1998.04.28"]
[PlyCount "82"]

1.e4 e5 2.Nf3 Nc6 3.Bb5 Nf6 4.O-O Nxe4 5.d4 Nd6 6.Bxc6 dxc6 7.dxe5 Nf5 8.
Qxd8+ Kxd8 9.Nc3 Ke8 10.h3 a5 11.Rd1 a4 12.g4 Ne7 13.Kg2 h5 14.Kg3 hxg4 
15.hxg4 Ng6 16.Bg5 Be7 17.Bxe7 Kxe7 18.Re1 Be6 19.Nd4 Bxg4 20.f4 Rad8 21.
Re4 Bc8 22.Nxa4 Rh3+ 23.Kf2 Rh2+ 24.Ke3 Rdh8 25.Rf1 R8h3+ 26.Rf3 Rxf3+ 27.
Kxf3 Nh4+ 28.Kg3 Rh3+ 29.Kf2 Nf5 30.Nf3 Ng3 31.Rb4 Nh5 32.Nc3 Bg4 33.Nd2 
Rh2+ 34.Ke3 b6 35.Rc4 c5 36.Ra4 Ng3 37.Ra7 Nf5+ 38.Kd3 Rh3+ 39.Kc4 Kd7 40.
Nde4 Kc6 41.Ng5 b5+ 0-1

[Event "Dresden zt 1.2"]
[Site "Dresden"]
[Date "1998.05.06"]
[Round "8"]
[White "Burovic, Ismet"]
[Black "Rogulj, Branko"]
[Result "0-1"]
[WhiteElo "2295"]
[BlackElo "2430"]
[EventDate "1998.04.28"]
[PlyCount "99"]

1.Nf3 Nf6 2.g3 g6 3.Bg2 Bg7 4.O-O O-O 5.d3 c5 6.e4 Nc6 7.c3 d6 8.Re1 Bg4 
9.h3 Bxf3 10.Bxf3 Rc8 11.Bg2 b5 12.d4 cxd4 13.cxd4 Nd7 14.Be3 Nb6 15.Na3 
b4 16.Nc2 Nc4 17.Bc1 Qb6 18.e5 dxe5 19.b3 Nd6 20.d5 Nd4 21.Nxd4 exd4 22.
Rxe7 Nf5 23.Re4 d3 24.Rb1 Bd4 25.Rf4 Rc2 26.Qxd3 Bxf2+ 27.Kh1 Nxg3+ 28.Kh2
Bg1+ 29.Kxg3 Rc3 30.Bf1 Rfc8 31.Kg2 Rxd3 32.Bxd3 Be3 33.Rc4 Rd8 34.Be4 
Bxc1 35.Rbxc1 Qe3 36.R1c2 a5 37.Bf3 Kg7 38.Re2 Qg5+ 39.Rg4 Qf6 40.Rf2 h5 
41.Rg3 Qh4 42.Re2 Kh6 43.Rc2 Re8 44.Rc4 Qf6 45.Be4 Qb2+ 46.Kf3 Qxa2 47.Bc2
Qa1 48.Rg2 Qf1+ 49.Kg3 Re3+ 50.Kh2 0-1

[Event "Dresden zt 1.2"]
[Site "Dresden"]
[Date "1998.05.06"]
[Round "8"]
[White "Ekstroem, Roland"]
[Black "Pelletier, Yannick"]
[Result "1/2-1/2"]
[WhiteElo "2490"]
[BlackElo "2515"]
[EventDate "1998.04.28"]
[PlyCount "103"]

1.c4 Nf6 2.Nc3 c5 3.g3 e6 4.Nf3 b6 5.Bg2 Bb7 6.O-O Be7 7.d4 cxd4 8.Qxd4 d6
9.Rd1 a6 10.b3 Nbd7 11.e4 Qc8 12.Ba3 Nc5 13.e5 dxe5 14.Nxe5 Bxg2 15.Kxg2 
Qb7+ 16.Kg1 O-O 17.Qe3 Rad8 18.Qf3 Qxf3 19.Nxf3 Rxd1+ 20.Rxd1 Rd8 21.Rxd8+
Bxd8 22.Kf1 Nce4 23.Nxe4 Nxe4 24.Bb2 g5 25.g4 f6 26.Ke2 Kf7 27.h3 Bc7 28.
Nd2 Nc5 29.Bd4 Nd7 30.Ne4 Ke7 31.Bc3 Be5 32.Bb4+ Kd8 33.Ba3 Kc7 34.Be7 Kc6
35.a4 h6 36.b4 f5 37.b5+ axb5 38.axb5+ Kc7 39.gxf5 exf5 40.Ng3 Bxg3 41.
fxg3 Ne5 42.c5 bxc5 43.Bxc5 Ng6 44.Be3 h5 45.Kd3 g4 46.hxg4 fxg4 47.Bf2 
Kb7 48.Kd4 Kb6 49.Kc4+ Kc7 50.Kd5 Kb7 51.Kd6 h4 52.gxh4 1/2-1/2

[Event "Dresden zt 1.2"]
[Site "Dresden"]
[Date "1998.05.06"]
[Round "8"]
[White "Lutz, Christopher"]
[Black "Kortschnoj, Viktor"]
[Result "1/2-1/2"]
[WhiteElo "2595"]
[BlackElo "2625"]
[EventDate "1998.04.28"]
[PlyCount "63"]

1.e4 e5 2.Nf3 Nc6 3.Bb5 Nf6 4.O-O Nxe4 5.d4 Nd6 6.Bxc6 dxc6 7.dxe5 Nf5 8.
Qxd8+ Kxd8 9.Nc3 Ke8 10.h3 a5 11.Bf4 Bb4 12.Ne4 Be6 13.c3 Bf8 14.Rfe1 h5 
15.Neg5 Bd5 16.e6 f6 17.Nf7 Rh7 18.Bxc7 a4 19.Nd2 Be7 20.Ne4 Bxe6 21.Ned6+
Nxd6 22.Nxd6+ Kd7 23.Rad1 Kxc7 24.Rxe6 g6 25.Ne4 Rf7 26.Re1 Rd8 27.Ng5 
fxg5 28.Rxe7+ Rxe7 29.Rxe7+ Kb6 30.Kf1 Rd2 31.Re2 Rd1+ 32.Re1 1/2-1/2

[Event "Dresden zt 1.2"]
[Site "Dresden"]
[Date "1998.05.06"]
[Round "8"]
[White "Pavasovic, Dusko"]
[Black "Atlas, Dimitry"]
[Result "1-0"]
[WhiteElo "2505"]
[BlackElo "2315"]
[EventDate "1998.04.28"]
[PlyCount "83"]

1.e4 e6 2.d4 d5 3.Nd2 Nf6 4.e5 Nfd7 5.c3 c5 6.Bd3 Nc6 7.Ngf3 cxd4 8.cxd4 
f5 9.exf6 Nxf6 10.O-O Bd6 11.Qe2 O-O 12.Nb3 Qc7 13.Re1 a5 14.Be3 a4 15.
Nbd2 Bd7 16.a3 Rae8 17.Rac1 Qa5 18.h3 Qa8 19.Bb5 Rf7 20.Bxc6 bxc6 21.Ne5 
Rfe7 22.Bg5 Qb7 23.Ndf3 Qb5 24.Qc2 Bb8 25.Nxd7 Rxd7 26.Bxf6 gxf6 27.Qxc6 
Qxc6 28.Rxc6 Kf7 29.Rec1 Rd6 30.Kf1 Ke7 31.R1c2 Kd7 32.R6c5 Ra6 33.Ne1 Bd6
34.Nd3 Ke7 35.Rb5 Rb8 36.Rxb8 Bxb8 37.Rc8 Rb6 38.Rh8 Kd6 39.Rxh7 Bc7 40.
Rf7 Rb3 41.Nc5 Rxb2 42.Rxf6 1-0

[Event "Dresden zt 1.2"]
[Site "Dresden"]
[Date "1998.05.06"]
[Round "8"]
[White "Psakhis, Lev"]
[Black "Mohr, Georg"]
[Result "1-0"]
[WhiteElo "2565"]
[BlackElo "2455"]
[EventDate "1998.04.28"]
[PlyCount "81"]

1.d4 Nf6 2.c4 g6 3.Nc3 Bg7 4.e4 d6 5.h3 O-O 6.Bg5 Na6 7.Bd3 e5 8.d5 Qe8 9.
Nge2 c6 10.a3 cxd5 11.cxd5 Nc5 12.Bc2 a5 13.b4 Na6 14.Rb1 axb4 15.axb4 Bd7
16.O-O Rc8 17.Bd3 Nh5 18.Bxa6 bxa6 19.Ra1 h6 20.Bd2 Ra8 21.Qb3 Qc8 22.Ra5 
f5 23.f3 f4 24.Rfa1 Bxh3 25.Be1 g5 26.gxh3 Qxh3 27.Nd1 Ng3 28.Nxg3 fxg3 
29.Qc2 Rxf3 30.Qg2 Qg4 31.Rxa6 Rxa6 32.Rxa6 h5 33.Qe2 h4 34.Ra3 Rf4 35.
Qxg4 Rxg4 36.Re3 Bf6 37.Nb2 Bd8 38.Nc4 Kg7 39.b5 Bc7 40.b6 Bb8 41.Na5 1-0

[Event "Dresden zt 1.2"]
[Site "Dresden"]
[Date "1998.05.06"]
[Round "8"]
[White "Zelcic, Robert"]
[Black "Jussupow, Artur"]
[Result "1-0"]
[WhiteElo "2540"]
[BlackElo "2630"]
[EventDate "1998.04.28"]
[PlyCount "79"]

1.e4 e6 2.d4 d5 3.Nc3 Bb4 4.Ne2 dxe4 5.a3 Be7 6.Nxe4 Nf6 7.N2g3 Nc6 8.c3 
e5 9.Nxf6+ Bxf6 10.d5 Ne7 11.c4 Ng6 12.Bd3 O-O 13.Qc2 c6 14.dxc6 bxc6 15.
O-O a5 16.Be4 Qc7 17.Be3 a4 18.Bc5 Re8 19.Rfd1 Bd7 20.Ne2 Be7 21.Bxe7 Rxe7
22.Nc3 Qa7 23.Rd6 Nf8 24.Rad1 Ne6 25.Nb5 Qb7 26.Bxh7+ Kf8 27.Bf5 cxb5 28.
Be4 Qc7 29.Bxa8 Nd4 30.Qh7 Re8 31.c5 Be6 32.Qh8+ Ke7 33.Qxg7 Qxc5 34.Ra6 
Rd8 35.Qg5+ Ke8 36.Kh1 Qc2 37.Bf3 Qc5 38.Bh5 Kd7 39.Rc1 Bc4 40.Bxf7 1-0

[Event "Dresden zt 1.2"]
[Site "Dresden"]
[Date "1998.05.07"]
[Round "9"]
[White "Atlas, Dimitry"]
[Black "Burovic, Ismet"]
[Result "0-1"]
[WhiteElo "2315"]
[BlackElo "2295"]
[EventDate "1998.04.28"]
[PlyCount "68"]

1.e4 c6 2.d4 d5 3.e5 Bf5 4.Nf3 e6 5.Be2 Ne7 6.O-O h6 7.b3 c5 8.dxc5 Nec6 
9.Be3 Nd7 10.c4 dxc4 11.Bxc4 Nxc5 12.Nc3 a6 13.Nd4 Nxd4 14.Bxd4 Be7 15.a4 
O-O 16.Ra2 Rc8 17.Rd2 Qa5 18.Qe2 Rfd8 19.Qe3 Qb4 20.Na2 Qa5 21.Nc3 Bg5 22.
f4 Be7 23.Kh1 b5 24.axb5 axb5 25.Nxb5 Nxb3 26.Bxb3 Qxb5 27.Ra1 Rb8 28.Bc2 
Bb4 29.Rf2 Bxc2 30.Rxc2 Rd5 31.Rg1 Rbd8 32.Ba7 Bd2 33.Qe4 Qa6 34.Be3 Qe2 
0-1

[Event "Dresden zt 1.2"]
[Site "Dresden"]
[Date "1998.05.07"]
[Round "9"]
[White "Dautov, Rustem"]
[Black "Psakhis, Lev"]
[Result "0-1"]
[WhiteElo "2600"]
[BlackElo "2565"]
[EventDate "1998.04.28"]
[PlyCount "82"]

1.d4 e6 2.c4 Nf6 3.Nf3 c5 4.d5 d6 5.Nc3 exd5 6.cxd5 g6 7.h3 Bg7 8.e4 O-O 
9.Be3 Qe7 10.Nd2 Nxe4 11.Ndxe4 f5 12.Nxd6 Qxd6 13.Be2 Bxc3+ 14.bxc3 f4 15.
Bc1 Nd7 16.c4 Qf6 17.Rb1 Ne5 18.Rb3 b6 19.O-O Bd7 20.Bb2 Qg5 21.Qc1 Rae8 
22.Re1 Rf7 23.Bf1 Rfe7 24.Re2 h6 25.Qc3 f3 26.Rxe5 Rxe5 27.Qxf3 Re4 28.Qc3
Rd4 29.Qf3 Rf8 30.Qg3 Rdf4 31.Qc3 Rd4 32.Qg3 Rdf4 33.Qc3 R4f6 34.f3 Bxh3 
35.Qe3 Rxf3 36.Qxg5 Rxf1+ 37.Kh2 hxg5 38.Rxh3 R8f2 39.Be5 Re2 40.Rh8+ Kf7 
41.Rh7+ Ke8 0-1

[Event "Dresden zt 1.2"]
[Site "Dresden"]
[Date "1998.05.07"]
[Round "9"]
[White "Dizdar, Goran"]
[Black "Sutovsky, Emil"]
[Result "1/2-1/2"]
[WhiteElo "2530"]
[BlackElo "2595"]
[EventDate "1998.04.28"]
[PlyCount "120"]

1.d4 Nf6 2.Nf3 g6 3.c4 Bg7 4.g3 O-O 5.Bg2 d6 6.O-O Nc6 7.Nc3 a6 8.d5 Na5 
9.Nd2 c5 10.Rb1 Rb8 11.b3 b5 12.Bb2 bxc4 13.bxc4 Bd7 14.Qc2 Qc7 15.Ba1 Rb4
16.a3 Rxb1 17.Rxb1 Rb8 18.Nd1 Rxb1 19.Qxb1 Qb7 20.Qxb7 Nxb7 21.Bc3 Ba4 22.
Nb2 Bc2 23.Bh3 Bf5 24.Bf1 Ne4 25.Nxe4 Bxe4 26.Bxg7 Kxg7 27.f3 Bb1 28.Kf2 
e6 29.e3 Na5 30.Ke1 Nb3 31.Na4 Bc2 32.Nb6 Na5 33.Nc8 Nb7 34.Kd2 Ba4 35.f4 
e5 36.Nb6 Be8 37.Na8 Bd7 38.Nb6 Be8 39.Na8 Bd7 40.Nc7 a5 41.Na8 Kf6 42.Nb6
Bg4 43.h3 Bf3 44.Bd3 exf4 45.exf4 h6 46.Ke3 Bg2 47.h4 Bh3 48.Bc2 h5 49.Ba4
Ke7 50.Bb5 Kd8 51.Na4 Ke7 52.Nc3 Bf5 53.Ba6 Nd8 54.Na4 Kd7 55.Bb5+ Ke7 56.
Nc3 Nb7 57.Bc6 Nd8 58.Bb5 Nb7 59.Ne2 Kd8 60.Nc1 Ke7 1/2-1/2

[Event "Dresden zt 1.2"]
[Site "Dresden"]
[Date "1998.05.07"]
[Round "9"]
[White "Huzman, Alexander"]
[Black "Cvitan, Ognjen"]
[Result "1/2-1/2"]
[WhiteElo "2610"]
[BlackElo "2560"]
[EventDate "1998.04.28"]
[PlyCount "30"]

1.d4 d5 2.c4 dxc4 3.e3 Nf6 4.Bxc4 e6 5.Qe2 c5 6.dxc5 Bxc5 7.Nf3 O-O 8.a3 
Nbd7 9.O-O b6 10.e4 Bb7 11.e5 Nd5 12.Bd2 Ne7 13.Bc3 Nd5 14.Bd2 Ne7 15.Bc3 
Nd5 1/2-1/2

[Event "Dresden zt 1.2"]
[Site "Dresden"]
[Date "1998.05.07"]
[Round "9"]
[White "Jussupow, Artur"]
[Black "Gallagher, Joseph G"]
[Result "1/2-1/2"]
[WhiteElo "2630"]
[BlackElo "2490"]
[EventDate "1998.04.28"]
[PlyCount "48"]

1.d4 Nf6 2.c4 g6 3.Nc3 Bg7 4.Bg5 d6 5.e3 O-O 6.Nf3 h6 7.Bh4 c5 8.d5 a6 9.
Nd2 Nbd7 10.Be2 Nh7 11.e4 Ne5 12.Bg3 f5 13.f4 Ng4 14.Bxg4 fxg4 15.O-O Nf6 
16.e5 Nh5 17.Qe2 Nxg3 18.hxg3 b5 19.Rae1 Bf5 20.Nd1 bxc4 21.Nxc4 dxe5 22.
Nxe5 Qxd5 23.Ne3 Qe6 24.N3xg4 Rad8 1/2-1/2

[Event "Dresden zt 1.2"]
[Site "Dresden"]
[Date "1998.05.07"]
[Round "9"]
[White "Mohr, Georg"]
[Black "Rogic, Davor"]
[Result "0-1"]
[WhiteElo "2455"]
[BlackElo "2445"]
[EventDate "1998.04.28"]
[PlyCount "92"]

1.Nf3 c5 2.e4 d6 3.c3 Nf6 4.Be2 Bd7 5.d3 g6 6.O-O Bg7 7.Nbd2 O-O 8.a3 Nc6 
9.Ne1 e5 10.b4 Qe7 11.Rb1 b6 12.Nc2 Nd8 13.Nc4 d5 14.exd5 Nxd5 15.Bd2 Rc8 
16.b5 Ne6 17.Re1 e4 18.N2e3 Nxe3 19.fxe3 exd3 20.Bxd3 Rcd8 21.Qc2 Bxb5 22.
Rxb5 Qd7 23.Nb2 c4 24.Bxc4 Qxd2 25.Qxd2 Rxd2 26.Na4 Rfd8 27.Rbb1 Bf8 28.
Ra1 Nc7 29.Rab1 Bxa3 30.Bf1 b5 31.Bxb5 Nxb5 32.Rxb5 Ra2 33.Kh1 Rdd2 34.Rg1
Bf8 35.Ra5 Ra3 36.Rxa7 Rda2 37.Rf1 f5 38.g4 Rxa4 39.Rxa4 Rxa4 40.gxf5 Re4 
41.fxg6 hxg6 42.Re1 Bc5 43.Kg2 Rxe3 44.Rxe3 Bxe3 45.Kf3 Bg1 46.h4 Kg7 0-1

[Event "Dresden zt 1.2"]
[Site "Dresden"]
[Date "1998.05.07"]
[Round "9"]
[White "Pelletier, Yannick"]
[Black "Pavasovic, Dusko"]
[Result "1-0"]
[WhiteElo "2515"]
[BlackElo "2505"]
[EventDate "1998.04.28"]
[PlyCount "99"]

1.c4 e6 2.d4 d5 3.Nc3 c6 4.Nf3 Nf6 5.Bg5 h6 6.Bxf6 Qxf6 7.e3 Nd7 8.Bd3 
dxc4 9.Bxc4 g6 10.O-O Qe7 11.Qe2 Bg7 12.e4 O-O 13.Rfe1 a6 14.e5 b5 15.Bd3 
c5 16.d5 Rb8 17.Rad1 Re8 18.d6 Qd8 19.h4 Bb7 20.Be4 Bxe4 21.Qxe4 Qa5 22.
Qc6 Red8 23.Qc7 Qb4 24.Rd2 Qg4 25.Re4 Qf5 26.Rde2 b4 27.Na4 g5 28.hxg5 
hxg5 29.Nxc5 Rbc8 30.Nd4 Qxe4 31.Rxe4 Nxc5 32.Nc6 Rxc7 33.dxc7 Re8 34.Rc4 
Bf8 35.Na7 Na4 36.Rc6 Bg7 37.b3 Nc3 38.Rxa6 Bxe5 39.c8=Q Rxc8 40.Nxc8 Bd4 
41.Ne7+ Kg7 42.Nc6 Bc5 43.Ra5 Ne4 44.Kf1 f5 45.f3 Ng3+ 46.Ke1 Bd6 47.Rb5 
Nh5 48.Nxb4 Nf4 49.Kf1 Kf6 50.a4 1-0

[Event "Dresden zt 1.2"]
[Site "Dresden"]
[Date "1998.05.07"]
[Round "9"]
[White "Rogulj, Branko"]
[Black "Ekstroem, Roland"]
[Result "0-1"]
[WhiteElo "2430"]
[BlackElo "2490"]
[EventDate "1998.04.28"]
[PlyCount "94"]

1.e4 c5 2.Nc3 Nc6 3.g3 g6 4.Bg2 Bg7 5.d3 d6 6.f4 e6 7.Nf3 Nge7 8.O-O O-O 
9.Be3 b6 10.d4 Ba6 11.Re1 Na5 12.b3 Rc8 13.Ne2 cxd4 14.Bxd4 e5 15.Bb2 Nac6
16.a4 exf4 17.Bxg7 Kxg7 18.Nxf4 Ne5 19.Nd4 Kg8 20.c4 Qc7 21.Kh1 Rcd8 22.
Ra2 Bc8 23.h3 a6 24.Rc2 Bd7 25.Qd2 Rc8 26.Rec1 Qb8 27.Bf1 Rc5 28.b4 Rc7 
29.b5 axb5 30.axb5 Ra7 31.Nd5 Qd8 32.Nf6+ Kg7 33.Qf4 Ng8 34.Nd5 Ra3 35.Rc3
Rxc3 36.Rxc3 Nf6 37.g4 h5 38.g5 Nh7 39.Rg3 f6 40.gxf6+ Nxf6 41.Nxf6 Rxf6 
42.Qc1 Qa8 43.Bg2 Qa2 44.Ra3 Qf2 45.Qc3 g5 46.Ra7 Kg6 47.Nc6 Nf3 0-1

[Event "Dresden zt 1.2"]
[Site "Dresden"]
[Date "1998.05.07"]
[Round "9"]
[White "Sermek, Drazen"]
[Black "Dizdarevic, Emir"]
[Result "1/2-1/2"]
[WhiteElo "2510"]
[BlackElo "2540"]
[EventDate "1998.04.28"]
[PlyCount "56"]

1.e4 g6 2.d4 Bg7 3.Nc3 c6 4.h3 d5 5.Nf3 dxe4 6.Nxe4 Bf5 7.Ng3 Be6 8.c4 b5 
9.d5 cxd5 10.cxb5 Nf6 11.Bd3 a6 12.O-O O-O 13.Re1 axb5 14.Bxb5 Bd7 15.Bd3 
Nc6 16.a3 Qb8 17.Rb1 e5 18.Bc2 e4 19.Nd4 Nxd4 20.Qxd4 Rc8 21.Qd1 Qc7 22.
Bb3 Bb5 23.Bg5 Bd3 24.Bxf6 Bxf6 25.Bxd5 Bxb1 26.Bxa8 Bc2 27.Qd5 Bxb2 28.
Nxe4 Bxe4 1/2-1/2

[Event "Dresden zt 1.2"]
[Site "Dresden"]
[Date "1998.05.07"]
[Round "9"]
[White "Soln, Primoz"]
[Black "Jelen, Igor"]
[Result "1/2-1/2"]
[WhiteElo "2350"]
[BlackElo "2430"]
[EventDate "1998.04.28"]
[PlyCount "42"]

1.e4 c5 2.Nf3 e6 3.d4 cxd4 4.Nxd4 Nf6 5.Nc3 Nc6 6.Ndb5 d6 7.Bf4 e5 8.Bg5 
a6 9.Na3 b5 10.Bxf6 gxf6 11.Nd5 f5 12.c3 Bg7 13.exf5 Bxf5 14.Nc2 Be6 15.g3
O-O 16.Bg2 a5 17.O-O Rb8 18.Re1 Qd7 19.Qh5 f5 20.Rad1 e4 21.Nce3 Ne5 
1/2-1/2

[Event "Dresden zt 1.2"]
[Site "Dresden"]
[Date "1998.05.07"]
[Round "9"]
[White "Stanec, Nikolaus"]
[Black "Jacimovic, Dragoljub"]
[Result "1/2-1/2"]
[WhiteElo "2485"]
[BlackElo "2480"]
[EventDate "1998.04.28"]
[PlyCount "73"]

1.d4 Nf6 2.c4 g6 3.Nc3 d5 4.Nf3 Bg7 5.e3 O-O 6.Qb3 e6 7.Bd2 b6 8.Be2 Bb7 
9.cxd5 exd5 10.Ne5 Nbd7 11.Nxd7 Qxd7 12.O-O Rfc8 13.Rfd1 Bf8 14.Be1 Rab8 
15.Qa4 Qxa4 16.Nxa4 Ne8 17.Rac1 Bd6 18.a3 Kf8 19.Bb4 c6 20.Bxd6+ Nxd6 21.
Nc3 Ke7 22.Bf1 Rd8 23.Ne2 f6 24.Rc2 Nf7 25.Rdc1 Rd6 26.Nf4 Nd8 27.b4 Ne6 
28.b5 Nxf4 29.bxc6 Rxc6 30.Rxc6 Bxc6 31.Rxc6 Ne6 32.g3 Rd8 33.Bg2 Rd6 34.
Rc8 Rd7 35.Rc6 Rd6 36.Rc8 Rd7 37.Rc6 1/2-1/2

[Event "Dresden zt 1.2"]
[Site "Dresden"]
[Date "1998.05.08"]
[Round "10"]
[White "Burovic, Ismet"]
[Black "Baumegger, Siegfried"]
[Result "1-0"]
[WhiteElo "2295"]
[BlackElo "2495"]
[EventDate "1998.04.28"]
[PlyCount "61"]

1.e4 c5 2.d3 Nf6 3.g3 Nc6 4.Bg2 d5 5.Nd2 e5 6.Ngf3 d4 7.O-O Be7 8.Nc4 Qc7 
9.a4 Nd7 10.Ne1 Nb6 11.f4 Nxc4 12.dxc4 Be6 13.b3 f6 14.Bh3 Bf7 15.Nd3 O-O 
16.Bd2 b6 17.Qe2 a6 18.Rae1 Rab8 19.Rf2 Kh8 20.Ref1 Bg8 21.Bf5 Bd6 22.h4 
Ne7 23.Bh3 Rfe8 24.h5 h6 25.fxe5 fxe5 26.Bxh6 gxh6 27.Qd2 Nc8 28.Rf6 Re7 
29.Rxh6+ Bh7 30.Rf8+ Kg7 31.Rhf6 1-0

[Event "Dresden zt 1.2"]
[Site "Dresden"]
[Date "1998.05.08"]
[Round "10"]
[White "Cvitan, Ognjen"]
[Black "Dautov, Rustem"]
[Result "1/2-1/2"]
[WhiteElo "2560"]
[BlackElo "2600"]
[EventDate "1998.04.28"]
[PlyCount "123"]

1.d4 Nf6 2.c4 e6 3.g3 d5 4.Bg2 dxc4 5.Nf3 a6 6.O-O Nc6 7.e3 Bd7 8.Qe2 b5 
9.Rd1 Be7 10.e4 O-O 11.Nc3 Re8 12.Ne5 Rb8 13.Be3 h6 14.Nxf7 Kxf7 15.e5 Nb4
16.exf6 Bxf6 17.Ne4 Qe7 18.Nc5 Bc6 19.Bxc6 Nxc6 20.Nxa6 Rb6 21.d5 Rxa6 22.
dxc6 Rxc6 23.Qh5+ Kg8 24.Qxb5 Rd6 25.Bc5 Rxd1+ 26.Rxd1 Qf7 27.Qxc4 Bxb2 
28.a4 Qf3 29.Rb1 Bf6 30.a5 Qc6 31.a6 Be7 32.Qb5 Qxb5 33.Rxb5 Bxc5 34.Rxc5 
Ra8 35.Ra5 Kf7 36.Kg2 Ke7 37.Kf3 Kd6 38.Ke4 Kc6 39.Ra1 Kb6 40.Ke5 Rxa6 41.
Rd1 Ra2 42.Kxe6 Rxf2 43.Rb1+ Kc6 44.Rc1+ Kb7 45.Rb1+ Kc8 46.h4 Rf3 47.g4 
Rf4 48.Rg1 g5 49.hxg5 hxg5 50.Rg2 Kb7 51.Rb2+ Kc6 52.Rc2+ Kb6 53.Rb2+ Kc5 
54.Rc2+ Kb6 55.Rb2+ Kc6 56.Rc2+ Kb7 57.Rb2+ Kc8 58.Rg2 Kd8 59.Rd2+ Ke8 60.
Rc2 Kd8 61.Rd2+ Kc8 62.Rg2 1/2-1/2

[Event "Dresden zt 1.2"]
[Site "Dresden"]
[Date "1998.05.08"]
[Round "10"]
[White "Ekstroem, Roland"]
[Black "Kurajica, Bojan"]
[Result "1/2-1/2"]
[WhiteElo "2490"]
[BlackElo "2580"]
[EventDate "1998.04.28"]
[PlyCount "87"]

1.e4 c5 2.Nf3 e6 3.c3 d5 4.exd5 Qxd5 5.d4 Nf6 6.Be3 cxd4 7.cxd4 Nc6 8.Nc3 
Qd6 9.a3 Be7 10.Qc2 Bd7 11.Rd1 Rc8 12.Bd3 Nd5 13.O-O Nxc3 14.Qxc3 Bf6 15.
Be4 Ne7 16.Qa5 Bc6 17.Bxc6+ Nxc6 18.Qb5 O-O 19.Qxb7 Rb8 20.Qa6 Rb6 21.Qe2 
Qd5 22.Rd2 Na5 23.Rc2 Nb3 24.Rc4 h6 25.h3 Rd8 26.Qc2 Rb7 27.Rc8 a5 28.
Rxd8+ Bxd8 29.Rd1 Rc7 30.Qe2 Bf6 31.Bf4 Rc8 32.Be5 Be7 33.Kh2 a4 34.Qd3 f6
35.Bf4 Bd6 36.Bxd6 Qxd6+ 37.Kg1 Qd5 38.Re1 Kf7 39.Qa6 Qc6 40.Qe2 Qd5 41.
Qa6 Qc6 42.Qe2 Qd5 43.Qa6 Qc6 44.Qe2 1/2-1/2

[Event "Dresden zt 1.2"]
[Site "Dresden"]
[Date "1998.05.08"]
[Round "10"]
[White "Jacimovic, Dragoljub"]
[Black "Rogulj, Branko"]
[Result "1-0"]
[WhiteElo "2480"]
[BlackElo "2430"]
[EventDate "1998.04.28"]
[PlyCount "85"]

1.d4 Nf6 2.c4 g6 3.Nc3 d5 4.Nf3 Bg7 5.e3 O-O 6.Qb3 e6 7.Bd2 b6 8.Be2 Bb7 
9.cxd5 exd5 10.Ne5 Nc6 11.Nxc6 Bxc6 12.O-O Bb7 13.Rfd1 Re8 14.Rac1 Bf8 15.
a3 a6 16.Bf3 h5 17.Rc2 Qd7 18.Rdc1 Bd6 19.Ne2 g5 20.g3 Qf5 21.Bg2 Ne4 22.
Be1 h4 23.f3 Nf6 24.g4 Qe6 25.Bf2 Kg7 26.h3 Re7 27.Qd3 Rae8 28.a4 Bc8 29.
Nc3 Bb7 30.Qd2 Kh6 31.f4 Ne4 32.Nxe4 dxe4 33.fxg5+ Kxg5 34.Rf1 Bc8 35.Qe1 
Rh8 36.Bxh4+ Rxh4 37.Rf5+ Qxf5 38.gxf5 Bxf5 39.Bf1 Rh7 40.a5 bxa5 41.Qxa5 
Kf6 42.Rf2 Rg7+ 43.Kh1 1-0

[Event "Dresden zt 1.2"]
[Site "Dresden"]
[Date "1998.05.08"]
[Round "10"]
[White "Lutz, Christopher"]
[Black "Huzman, Alexander"]
[Result "1-0"]
[WhiteElo "2595"]
[BlackElo "2610"]
[EventDate "1998.04.28"]
[PlyCount "81"]

1.e4 c5 2.Nf3 d6 3.d4 cxd4 4.Nxd4 Nf6 5.Nc3 Nc6 6.Bg5 e6 7.Qd2 a6 8.O-O-O 
Nxd4 9.Qxd4 Be7 10.f4 b5 11.Bxf6 gxf6 12.e5 d5 13.f5 O-O 14.Bd3 fxe5 15.
Qxe5 Bf6 16.Qg3+ Kh8 17.Qh3 Ra7 18.Kb1 b4 19.fxe6 fxe6 20.Ne2 Qc7 21.Qh5 
Qe5 22.Qxe5 Bxe5 23.Nc1 Rf2 24.Bf1 Bd6 25.Nd3 Rf6 26.Be2 e5 27.Nc1 Rg7 28.
Rxd5 Bb7 29.Rd2 Rxg2 30.Rhd1 Bf8 31.Rd7 Rg7 32.Rd8 e4 33.h3 Rf2 34.Bc4 Rc7
35.Bb3 Bc8 36.Rg1 Rg7 37.Rxg7 Kxg7 38.Rxc8 Bd6 39.Rg8+ Kh6 40.Rg1 Bf4 41.
Bc4 1-0